Представление документа в формате MARC21

Поле Инд. ПП Название Значение
Тип записи a
Библиографический уровень b
001 Контрольный номер RU/IS/BASE/436371776
005 Дата корректировки 20200630193246.7
008 Кодируемые данные 20131029
040 b Код языка каталог. rus
e Правила каталог. PSBO
041 0_ a Код языка текста rus
084 a Индекс другой классификации/Индекс ББК 88.26в686
100 1_ a Автор Мурашева О. В.
q Полное имя Мурашева Ольга Владимировна
100 1_ a Автор Алмаев Н. А.
q Полное имя Алмаев Николай Альбертович
245 10 a Заглавие Иерархия мотивов и полимотивированность деятельности: сочетанное применение опросниковых и контент-аналитических методик
504 a Библиография Библиогр.: с. 85
520 a Аннотация В статье представлены результаты эмпирического исследования иерархии мотивов и полимотивированности деятельности с применением опросникового и контент-аналитического методов на примере трудовой мотивации. На основе факторного анализа Ш. Ричи показано, что иерархически более высокие мотивы группируются по следующим четырем факторам: 1 - приоритет долговременных или же сиюминутных выгод; 2 - приоритет общения; 3 - регламент или свобода: 4 - участие в управлении на текущей позиции. Полимотивированность изучалась с помощью контент-анализа рассказов, полученных по картинкам, содержательно приближенным к шкалам теста Ричи. Применение правил "если, то" позволило выделить ряд мотивационных комплексов, сопровождающих иерархически высокие мотивы
650 a Основная рубрика общая психология
a Основная рубрика психология
a Основная рубрика психология деятельности
653 a Ключевые слова деятельность
a Ключевые слова иерархия мотивов
a Ключевые слова контент-анализ
a Ключевые слова методика психологического исследования
a Ключевые слова мотивация деятельности
a Ключевые слова мотивация поведения
a Ключевые слова опрос
a Ключевые слова поведение
a Ключевые слова полимотивированность деятельности
a Ключевые слова профессиональная деятельность
a Ключевые слова психологические исследования
a Ключевые слова психология личности
a Ключевые слова экспериментальная психология
773 08 t Заглавие источника Экспериментальная психология
d Дата издания источника 2013
g Прочая информация № 1. - С. 76 - 86 : табл.
w Контрольный № источника RU/IS/BASE/423677776
901 t Тип документа b